Problemas resueltos de cálculo integral con aplicación en la ingeniería /
Contenido del volumen 1: 1) Constante de integración; 2) Areas planas; 3) Longitud de curvas; 4) Superficies de revolución; 5) Volúmenes de revolución. Contenido del volumen 2: 6) Volúmenes de sección conocida; 8) Fuerza en líquidos; 9) Trabajo; 10) Bibliografía.
Uloženo v:
| Hlavní autor: | |
|---|---|
| Médium: | Kniha |
| Jazyk: | španělština |
| Vydáno: |
Bogotá, Colombia :
Escuela Colombiana de Ingeniería,
2006, c2006
|
| Edice: | (Matemáticas Escuela Colombiana de Ingeniería)
|
| Témata: | |
| Tagy: |
Žádné tagy, Buďte první, kdo vytvoří štítek k tomuto záznamu!
|
MARC
| LEADER | 00000nam^a2200000^a^4500 | ||
|---|---|---|---|
| 001 | 000195777 | ||
| 005 | 20250521000000.0 | ||
| 009 | 20260310102803.753 | ||
| 020 | |a 958-8060-54-0 | ||
| 020 | |a 958-8060-64-8 | ||
| 037 | |a Acervo ITESO - Biblioteca | ||
| 041 | |a ESP | ||
| 082 | |a 515. 43 |b CAS | ||
| 100 | |a Casabianca Pizano, Manuel |e (autor) | ||
| 245 | 1 | 0 | |a Problemas resueltos de cálculo integral con aplicación en la ingeniería / |c M. Casabianca Pizano ; presen. de Eduardo Silva Sánchez. |
| 264 | 4 | |a Bogotá, Colombia : |b Escuela Colombiana de Ingeniería, |c 2006, c2006 | |
| 300 | |a 2 v. (VII, 429, VII, 481 p.) | ||
| 336 | |a texto |b txt |2 rdacontenido | ||
| 337 | |a sin mediación |b n |2 rdamedio | ||
| 338 | |a volumen |b nc |2 rdasoporte | ||
| 440 | 1 | |a (Matemáticas Escuela Colombiana de Ingeniería) | |
| 520 | |a Contenido del volumen 1: 1) Constante de integración; 2) Areas planas; 3) Longitud de curvas; 4) Superficies de revolución; 5) Volúmenes de revolución. Contenido del volumen 2: 6) Volúmenes de sección conocida; 8) Fuerza en líquidos; 9) Trabajo; 10) Bibliografía. | ||
| 649 | |a XX | ||
| 650 | |a Cálculo Integral - |x Problemas, Ejercicios, etc. - |x Tema Principal | ||
| 650 | |a Ecuaciones Diferenciales | ||
| 650 | |a Matemáticas de Ingeniería | ||
| 650 | |a Matemáticas | ||
| 910 | |a Fondo General | ||
| 920 | |a Impresos - Libros | ||
| 930 | |a Colección General | ||
| 905 | |a 101 | ||
| 901 | |a 0500141704 |b IT1 |c ACC |u 20250521 | ||
| 901 | |a 0500141707 |b IT1 |c ACC |u 20250521 | ||
| 902 | |a https://opac.biblio.iteso.mx/vufind/Record/000195777 | ||